Introduction to forest and renewable resources / (Record no. 32161)

MARC details
000 -LEADER
fixed length control field 01264cam a2200337 a 4500
001 - CONTROL NUMBER
control field 653722
003 - CONTROL NUMBER IDENTIFIER
control field OSt
005 - DATE AND TIME OF LATEST TRANSACTION
control field 20220307103229.0
008 - FIXED-LENGTH DATA ELEMENTS--GENERAL INFORMATION
fixed length control field 940816s1995 nyua b 001 0 eng
010 ## - LIBRARY OF CONGRESS CONTROL NUMBER
LC control number 94031188
020 ## - INTERNATIONAL STANDARD BOOK NUMBER
International Standard Book Number 0070565678 (alk. paper)
040 ## - CATALOGING SOURCE
Original cataloging agency DLC
Transcribing agency HU
Modifying agency DLC
043 ## - GEOGRAPHIC AREA CODE
Geographic area code n-us---
050 00 - LIBRARY OF CONGRESS CALL NUMBER
Classification number SD373 .I585 1995
082 00 - DEWEY DECIMAL CLASSIFICATION NUMBER
Classification number 634.9
Edition number 20
245 00 - TITLE STATEMENT
Title Introduction to forest and renewable resources /
Statement of responsibility, etc. Grant W. Sharpe ... [et al.].
250 ## - EDITION STATEMENT
Edition statement 6th ed.
260 ## - PUBLICATION, DISTRIBUTION, ETC.
Place of publication, distribution, etc. New York :
Name of publisher, distributor, etc. McGraw-Hill,
Date of publication, distribution, etc. c1995.
300 ## - PHYSICAL DESCRIPTION
Extent xvii, 664 p. :
Other physical details ill. ;
Dimensions 24 cm.
440 #0 - SERIES STATEMENT/ADDED ENTRY--TITLE
Title McGraw-Hill series in forest resources
9 (RLIN) 6088
500 ## - GENERAL NOTE
General note Rev. ed. of: Introduction to forestry / Grant W. Sharpe. 5th ed. 1986.
504 ## - BIBLIOGRAPHY, ETC. NOTE
Bibliography, etc. note Includes bibliographical references and index.
650 #0 - SUBJECT ADDED ENTRY--TOPICAL TERM
Topical term or geographic name entry element Forests and forestry.
9 (RLIN) 11238
650 #0 - SUBJECT ADDED ENTRY--TOPICAL TERM
Topical term or geographic name entry element Forests and forestry
Geographic subdivision United States.
9 (RLIN) 23355
700 1# - ADDED ENTRY--PERSONAL NAME
Personal name Sharpe, Grant William.
9 (RLIN) 32119
700 1# - ADDED ENTRY--PERSONAL NAME
Personal name Sharpe, Grant William.
Title of a work Introduction to forestry.
9 (RLIN) 32120
856 42 - ELECTRONIC LOCATION AND ACCESS
Materials specified Publisher description
Uniform Resource Identifier <a href="http://www.loc.gov/catdir/description/mh022/94031188.html">http://www.loc.gov/catdir/description/mh022/94031188.html</a>
906 ## - LOCAL DATA ELEMENT F, LDF (RLIN)
a 7
b cbc
c orignew
d 1
e ocip
f 19
g y-gencatlg
942 ## - ADDED ENTRY ELEMENTS (KOHA)
Source of classification or shelving scheme Dewey Decimal Classification
Koha item type Books like text book referance book
Suppress in OPAC No
Holdings
Withdrawn status Lost status Source of classification or shelving scheme Damaged status Not for loan Collection code Home library Current library Shelving location Date acquired Total Checkouts Full call number Barcode Date last seen Copy number Price effective from Koha item type
    Dewey Decimal Classification     Reference Wondo Genet Library Wondo Genet Library General Stacks 03/07/2022   634.9 INT 1995 WGCFNRL00012262 03/07/2022 1 03/07/2022 Books like text book referance book